|
|
|
|
| LEADER |
01621cas a2200241 a 4500 |
| 001 |
AALejournalIMF010042 |
| 008 |
230101c9999 xx r poo 0 0eng d |
| 020 |
|
|
|c 5.00 USD
|
| 020 |
|
|
|z 9781451960983
|
| 022 |
|
|
|a 1018-5941
|
| 040 |
|
|
|a BD-DhAAL
|c BD-DhAAL
|
| 110 |
2 |
|
|a International Monetary Fund.
|
| 245 |
1 |
0 |
|a Public Finance in Islam.
|
| 264 |
|
1 |
|a Washington, D.C. :
|b International Monetary Fund,
|c 1989.
|
| 300 |
|
|
|a 1 online resource (58 pages)
|
| 490 |
1 |
|
|a IMF Working Papers
|
| 500 |
|
|
|a <strong>Off-Campus Access:</strong> No User ID or Password Required
|
| 500 |
|
|
|a <strong>On-Campus Access:</strong> No User ID or Password Required
|
| 506 |
|
|
|a Electronic access restricted to authorized BRAC University faculty, staff and students
|
| 520 |
3 |
|
|a The paper analyzes the bearing of Islamic teachings on the conduct of fiscal policy. It is shown that Islamic teachings do not prescribe any rigid system of public finance. The major emphasis is on the state's responsibility to assure at least a basic minimum standard of living for all citizens. The paper deals with issues related to evolution of fiscal policies best suited to achieve this and other Islamic socio-economic objectives in the specific framework of Islamic teachings. The implications of such a system for growth, monetary stability, resource allocation, and pattern of income distribution are also examined.
|
| 538 |
|
|
|a Mode of access: Internet
|
| 830 |
|
0 |
|a IMF Working Papers; Working Paper ;
|v No. 1989/068
|
| 856 |
4 |
0 |
|z Full text available on IMF
|u http://elibrary.imf.org/view/journals/001/1989/068/001.1989.issue-068-en.xml
|z IMF e-Library
|